| 000 | 01125nam a2200253Ia 4500 | ||
|---|---|---|---|
| 001 | 16204 | ||
| 003 | GE_BSU | ||
| 008 | 181216s||||||||xx |||||||||||||| ||und|| | ||
| 020 | _a- ISBN 978-9941-0-1876-3 | ||
| 040 | _cGE_BSU | ||
| 080 | _a61(09)(075.8) | ||
| 100 | _aშენგელია, რამაზ | ||
| 245 | _aმედიცინის ისტორია და ზოგადი თეორია | ||
| 245 | _bწ. 1-2 : ძველი აღმოსავლეთი. დასავლეთის სამედიცინო ტრადიციები.სახელმძღვ. | ||
| 245 | _cრედ:ნუნუ მინდაძე;ნანი ხელაია | ||
| 260 | _aთბილისი | ||
| 260 | _bენგადი | ||
| 260 | _c2012. | ||
| 300 | _a186გვ;ილ;28სმ | ||
| 541 | _h14ლ. | ||
| 653 | _aმედიცინა | ||
| 653 | _aმედიცინის ისტორია - სახელმძღვანელოები უმაღლესი სასწავლებლებისათვის; | ||
| 942 | _cBK | ||
| 999 |
_c49288 _d49288 |
||